Statistiques concernant Quiz Logos Ligue 1

Cliquez ici pour prendre le quiz!

Statistiques générales

  • Ce quiz a été pris 246 fois
  • Le résultat moyen est 17 sur 18

Statistiques - réponses

Réponse% Correct
clermont
100%
lens
98%
lorient
98%
lyon
98%
marseille
98%
lille
97%
monaco
97%
le havre
95%
montpellier
94%
nantes
92%
nice
92%
rennes
90%
toulouse
89%
reims
85%
metz
84%
strasbourg
84%
paris
83%
brest
78%

Distribution des résultats

Percentile par nombre de réponses

% des personnes avec chaque résultat

Votre développement - résultats

Vous n’avez pas pris ce quiz